00376 2200145 4500001002100000005001500021035002000036245006600056100001800122300001200140260004400152082000800196084001400204990001200218INLIS00000000000293620250917092941 a0010-09250002831 aDirektori World Wide Web Indonesia Dan Dunia /cLani Sidharta0 aLani Sidharta a637 hlm aJakarta :bElek Media Komputindo,c1996 a000 a000 LAN d a0755697